000
00219nam a2200109Ia 4500
999
_c
6291
_d
6291
020
_a
978-0074714195
100
_a
Bartol, Tein
245
0
_a
Management
260
_a
USA
_b
McGraw-Hill
_c
1994
300
_a
734
942
_c
BK